000 00330nam a22001337a 4500
020 _qPB.
040 _cFIZZA ISHAQ
082 _a557.3
_bALI
100 _aPETER,ALIREZA.
_990799
245 _aAPPLICATION OF SOFT COMPUTING AND INTELLIGENT /
_cALIREZA PETER.
260 _aNEW YORK ;
_c2019.
300 _a557.3
942 _2ddc
_cBK
999 _c589027
_d589027